| 000 | 00517nam a2200145 a 4500 | ||
|---|---|---|---|
| 001 | 000034629 | ||
| 005 | 20200930073815.0 | ||
| 008 | 111011s1888 xxua 000 0 eng d | ||
| 040 |
_aDO-SdBNP _bspa _cBNPHU |
||
| 082 |
_axxxx _bH323c |
||
| 100 | 1 |
_aHarrisse, Henry _960065 |
|
| 245 | 1 | 0 |
_aChristopher Columbus and the bank of Saint George (ufficio di San Giorgio in Genoa). : _btwo letters addressed to Samuel L. M. Barlow, Esquire. |
| 260 |
_aNew York, : _bPrivately printed, _c1888. |
||
| 300 |
_a126 p. : _bil. ; _c33 cm. |
||
| 999 |
_c34120 _d34120 |
||